01175ngm a2200277 a 450000500170000000800410001708200170005811000180007524501070009325000190020030000540021949000330027350502550030665000320056165000380059365000380063165000350066971000200070494200130072426400220073733600270075933700330078633800280081904000350084799900150088220220317001343.0161108s9999 sp g 000 0 spa 04a611.81bD32c2 aDidaco97125113aEl cerebro y el cuerpo humano bLa informática y la robóticacDidaco, Tessloffhvideodisco digital a1a. edición  a1 DVD (50 minutos)bsonido, color, digitalc12 cm aDescubrir cómo y por qué aEl cerebro y el cuerpo humano. ¿Por qué respiramos?, ¿Cuál es el órgano del sentido más importante?, ¿Por qué tenemos sangre?, ¿Qué es el tímpano?, ¿Qué es la columna vertebral?, ¿Cómo trabaja nuestro sentido de la vista?142LEMBaCerebro vVideodiscos142LEMBaCuerpo humano vVideodiscos142LEMBaInformática vVideodiscos142LEMBaRobótica vVideodiscos aTessloff971256 2ddccDVD aBarcelonabDidaco atextobtxt2rdacontent asin mediaciónbn2rdamedia avolumenbnc2rdacarrier aCO-BoRNBPbspaerdacCO-BoRNBP c6705d6705